| 000 | 00456caa a22001692a 4500 | ||
|---|---|---|---|
| 001 | 002926 | ||
| 003 | AR-FADEU | ||
| 008 | 311216n############xxu####################dd | ||
| 092 | _aPP(340)REV | ||
| 100 | _aGherardi, Carlos | ||
| 245 | _bEutanasia. Propuesta para una definición restrictiva | ||
| 245 | _aRevista JurÃdica de Buenos Aires | ||
| 300 | _a209-224 | ||
| 260 | _c2006 | ||
| 650 | _aEUTANASIA; BIOETICA; DERECHOS HUMANOS | ||
| 942 | _cPPGR | ||
| 999 |
_c5704 _d5704 |
||